000 01352cam a2200445 i 4500
001 0000535
003 DO-SdBPM
005 20260303095205.0
007 ta
008 100514s 2010 mx | |||| 000 f spa
015 _a
017 _a
_b
020 _a9786071107732
035 _a
040 _aDO-SdBPM
_bspa
_cBPMSU
_e rda
080 _a
082 0 4 _a833.8
_bK19c 2010
_222
100 1 _aKästner, Erich
_eautor
_4aut.
245 1 3 _aLa conferencia de los animales /
_cErich Kästner ; traducción Carmen Seco ; ilustraciones Walter Trier
_h
260 _c
_f
264 _aMéxico ;
_aAlfaguara,
_c2010
300 _a119 páginas
_bilustraciones,
_c19 m
336 _atexto
_btxt
_2rdacontent
337 _asin mediación
_bn
_2rdamedia
338 _avolumen
_bnc
_2resacarrier
490 0 _aJuvenil Alfaguara,
_v55
500 _a
586 _aPremio Doncel de biografía 1962
590 _aInventariado, 2026/VM
650 7 _aCuentos infantiles alemanes.
650 7 _aAnimales
_vCuentos infantiles
650 7 _aTratados de paz
_vCuentos infantiles.
650 7 _aConferencias
_vCuentos infantiles
651 _2
700 1 _aSeco, Carmen
_etraductor
700 1 _aTrier, Walter
_eilustración
830 0 _aJuvenil Alfaguara
_n55
910 _aVMateo V. Control de calidad. BPMSU
942 _2ddc
_cBK
999 _c10893
_d10893